| 000 | 00713 a2200229 4500 | ||
|---|---|---|---|
| 005 | 20260415170805.0 | ||
| 008 | 260415b |||||||| |||| 00| 0 eng d | ||
| 020 | _a9781138927384(pbk) | ||
| 037 | _cTB | ||
| 040 |
_aAL _cAL |
||
| 041 |
_2eng _aeng |
||
| 084 |
_aY49.3 R4 _qAL |
||
| 100 |
_aPaton, Kirsteen _91234872 |
||
| 245 | _aClass and everyday life | ||
| 260 |
_aLondon: _bRoutledge Taylor & Francis group, _c2024. |
||
| 300 | _a203p. | ||
| 365 |
_b34.99 _cGBP |
||
| 650 |
_aSocial Classes-Great Britain _91234873 |
||
| 650 | _aWorking Class | ||
| 942 |
_cTEXL _2CC _hY49.3 R4 |
||
| 999 |
_c1679917 _d1679917 |
||